| 000 | 00695pam a2200229 a 4500 | ||
|---|---|---|---|
| 001 | 2859584 | ||
| 005 | 20180820050619.0 | ||
| 008 | 850529s1986 paua b 001 0 eng c | ||
| 010 | _a 85011937 | ||
| 020 | _a0721665802 | ||
| 040 |
_aDNLM/DLC _cDLC _dDLC |
||
| 041 | _aeng | ||
| 060 | _aSF 871 C976 | ||
| 080 | _a636.0898 | ||
| 082 | 0 | 0 |
_a636.0898 _219 |
| 100 | _a10 | ||
| 101 | _aGEN | ||
| 245 | 0 | 0 |
_aCurrent therapy in theriogenology : _c[edited by] David A. Morrow. |
| 504 | _aIncludes bibliographies and index. | ||
| 906 |
_a7 _bcbc _corignew _d1 _eocip _f19 _gy-gencatlg |
||
| 942 |
_2ddc _cBK |
||
| 999 |
_c47228 _d47228 |
||